| 000 | 00696nam a2200205 i 4500 | ||
|---|---|---|---|
| 001 | 22807 | ||
| 003 | ES-MaACL | ||
| 005 | 20250827035056.0 | ||
| 007 | t| | ||
| 008 | 021204s1962 sp ||||1| cat d | ||
| 100 | 1 |
_aAloy, David. _920454 |
|
| 245 | 1 | 0 |
_aItineraris pel Vallés Occidental i Baix Llobregat / _cDavid Aloy, María Mercé Lleonart. |
| 260 |
_aBarcelona : _bRafael Dalmau, _c[1962] |
||
| 300 |
_a64 p. : _b1 map. pleg. ; _c17 cm. |
||
| 500 | _aPrecede a tít.: Unió Excursionista de Catalunya. | ||
| 700 | 1 |
_aLleonart, María Mercé. _972760 |
|
| 710 | 2 |
_aUnió Excursionista de Catalunya (Barcelona) _97004 |
|
| 852 |
_aES-MaACL _jC-21751 _bR.50021 |
||
| 999 |
_c22807 _d22807 |
||